Geology and geochemistry of the Chandalar area, Brooks Range, Alaska /

Bibliographic Details
Main Author: Chipp, E. R.
Corporate Author: Alaska. Division of Mines and Geology
Format: Book
Language:English
Published: College, Alaska : State of Alaska, Dept. of Natural Resources, Division of Mines and Geology, [1970]
Series:Geologic report (Juneau, Alaska) ; 42.
Subjects:

MARC

Tag First Indicator Second Indicator Subfields
LEADER 00000cam a2200000 a 4500
001 in00000516613
005 20151013090334.0
008 840215s1970 akuab b s00010 eng d
035 |a (OCoLC)10418194 
035 |9 ACF7763AM 
040 |a CJM  |c CJM  |d TXA  |d UtOrBLW 
049 |a TXAM  |c [1198582] 
090 |a QE83  |b .A25 no. 42 
100 1 |a Chipp, E. R. 
245 1 0 |a Geology and geochemistry of the Chandalar area, Brooks Range, Alaska /  |c by E.R. Chipp. 
264 1 |a College, Alaska :  |b State of Alaska, Dept. of Natural Resources, Division of Mines and Geology,  |c [1970] 
300 |a 39 pages :  |b illustrations, maps ;  |c 28 cm. 
336 |a text  |b txt  |2 rdacontent 
337 |a unmediated  |b n  |2 rdamedia 
338 |a volume  |b nc  |2 rdacarrier 
490 1 |a Geologic report / Alaska. Division of Mines and Geology ;  |v no. 42 
500 |a "September 1970." 
500 |a Map in pocket. 
504 |a Bibliography: pages 27-29. 
650 0 |a Geology  |z Alaska  |z Chandalar Area. 
650 0 |a Geochemistry  |z Alaska  |z Chandalar Area. 
650 0 |a Ore deposits  |z Alaska  |z Chandalar Area. 
710 1 |a Alaska.  |b Division of Mines and Geology. 
830 0 |a Geologic report (Juneau, Alaska) ;  |v 42. 
999 |a MARS 
999 f f |s b22a1ec2-4472-38e2-8465-38f3beeb4fe5  |i e485a2c4-5e4f-39d6-b3d4-3e0bcbcdcb2e  |t 0 
952 f f |p ric  |a Texas A&M University  |b Rellis Campus  |c Joint Library Facility  |d Remote Storage  |t 0  |e QE83 .A25 no. 42  |h Library of Congress classification  |i unmediated -- volume  |m A14808042621 
998 f f |a QE83 .A25 no. 42  |t 0  |l Remote Storage